Central Library OPAC University of Rajshahi

Egypt and the United Nations / (Record no. 58424)

MARC details
000 -LEADER
fixed length control field 00917nam a2200253 a 4500
001 - CONTROL NUMBER
control field 58424
003 - CONTROL NUMBER IDENTIFIER
rucl marc code BD-RjUL
005 - DATE AND TIME OF LATEST TRANSACTION
control field 20211209080622.0
008 - FIXED-LENGTH DATA ELEMENTS--GENERAL INFORMATION
fixed length control field 161218s1957 enk b 001 0 eng
035 ## - SYSTEM CONTROL NUMBER
System control number (BD-RjUL)58548
040 ## - CATALOGING SOURCE
Original cataloging agency DLC
Transcribing agency CChiS
Modifying agency NcGU
-- BD-RjUL
Language of cataloging eng
041 ## - LANGUAGE CODE
Language code of text/sound track or separate title eng
082 ## - DEWEY DECIMAL CLASSIFICATION NUMBER
Edition number 23
Classification number 341.2362
Author mark and year EGY 1957
110 2# - MAIN ENTRY--CORPORATE NAME
Corporate name or jurisdiction name as entry element Jamʻīyah al-Miṣrīyah lil-Qānūn al-Dawlī.
9 (RLIN) 176110
245 10 - TITLE STATEMENT
Title Egypt and the United Nations /
Statement of responsibility, etc. report of a study group set up by the Egyptian Society of International Law. Prepared for the Carnegie Endowment for International Peace.
260 ## - PUBLICATION, DISTRIBUTION, ETC. (IMPRINT)
Place of publication, distribution, etc. New York :
Name of publisher, distributor, etc. Manhattan Pub. Co.,
Date of publication, distribution, etc. 1957
300 ## - PHYSICAL DESCRIPTION
Pagination xi, 197 p. ;
Size 22 cm.
500 ## - GENERAL NOTE
General note Include index
610 20 - SUBJECT ADDED ENTRY--CORPORATE NAME
Corporate name or jurisdiction name as entry element United Nations
Geographic subdivision Egypt.
651 #0 - SUBJECT ADDED ENTRY--GEOGRAPHIC NAME
Geographic name Egypt
General subdivision Foreign relations.
9 (RLIN) 173523
942 ## - ADDED ENTRY ELEMENTS (KOHA)
Source of classification or shelving scheme Dewey Decimal Classification
Koha item type Books
Holdings
Lost status Source of classification or shelving scheme Damaged status Not for loan Collection code Permanent Location Current Location Shelving location Date acquired Source of acquisition Total Checkouts Full call number Date last seen Copy number Koha item type
  Dewey Decimal Classification   Not For Loan Non-fiction Central Library, University of Rajshahi Central Library, University of Rajshahi Reading Room 15/02/1967 Sh. moh.   341.2362 EGY 1957 18/12/2016 C-1 Books